La cuestión palpitante / (Record no. 161392)
[ view plain ]
| 000 -LEADER | |
|---|---|
| campo de control de longitud fija | 00836nam a2200217 i 4500 |
| 001 - NÚMERO DE CONTROL | |
| campo de control | 161392 |
| 003 - IDENTIFICADOR DE NÚMERO DE CONTROL | |
| campo de control | ES-MaACL |
| 005 - FECHA Y HORA DE LA ÚLTIMA TRANSACCIÓN | |
| campo de control | 20250801145852.0 |
| 008 - DATOS DE LONGITUD FIJA--INFORMACIÓN GENERAL | |
| campo de control de longitud fija | 950614s1883 sp |||| | spa d |
| 100 1# - ENTRADA PRINCIPAL--NOMBRE DE PERSONA | |
| Nombre de persona | Pardo Bazán, Emilia, |
| Títulos y otros términos asociados al nombre | Condesa de, |
| Fechas asociadas al nombre | 1851-1921 |
| 9 (RLIN) | 176434 |
| 245 13 - MENCIÓN DEL TÍTULO | |
| Título | La cuestión palpitante / |
| Mención de responsabilidad, etc. | por Emilia Pardo Bazán ; con un prólogo de Clarín. |
| 260 ## - PUBLICACIÓN, DISTRIBUCIÓN, ETC. | |
| Lugar de publicación, distribución, etc. | Madrid : |
| Nombre del editor, distribuidor, etc. | [s.n.], |
| Fecha de publicación, distribución, etc. | 1883 ( |
| Fabricante | Imp. Central, a cargo de V. Saiz) |
| 300 ## - DESCRIPCIÓN FÍSICA | |
| Extensión | XX, 199 p. ; |
| Dimensiones | 18 cm. |
| 530 ## - NOTA DISPONIBLE DE FORMULARIO FÍSICO ADICIONAL | |
| Nota de formato físico adicional disponible | Disponible en formato digital. |
| 650 07 - PUNTO DE ACCESO ADICIONAL DE MATERIA--TÉRMINO DE MATERIA | |
| Término de materia o nombre geográfico como elemento de entrada | Naturalismo (Literatura) |
| Fuente del encabezamiento o término | embne |
| 9 (RLIN) | 15490 |
| 700 1# - ENTRADA AGREGADA--NOMBRE PERSONAL | |
| Nombre de persona | Alas, Leopoldo, |
| Fechas asociadas al nombre | 1852-1901 |
| 9 (RLIN) | 226375 |
| 852 ## - LOCALIZACIÓN | |
| Encuadernación | |
| Ubicación | BA |
| Número de control de estantería | R-2263 |
| Nota libre | |
| Signatura antigua | Olim: B-4214 |
| Ubicación en estantería | Depósito |
| 856 ## - LOCALIZACIÓN Y ACCESO ELECTRÓNICOS | |
| Identificador Uniforme de Recursos | <a href="http://bdh-rd.bne.es/viewer.vm?id=0000092307&page=1 ">http://bdh-rd.bne.es/viewer.vm?id=0000092307&page=1 </a> |
| Nota pública | Biblioteca Digital Hispánica |
| 942 ## - ELEMENTOS DE ENTRADA SECUNDARIOS (KOHA) | |
| Fuente del sistema de clasificación o colocación | Clasificación decimal universal |
| Estatus retirado | Estado de pérdida | Fuente del sistema de clasificación o colocación | Estado de daño | No para préstamo | Colección | Biblioteca de origen | Biblioteca actual | Ubicación en estantería | Fecha de adquisición | Total de préstamos | Signatura topográfica completa | Código de barras | Visto por última vez | Precio de reemplazo | Tipo de ítem Koha | Nota pública |
|---|---|---|---|---|---|---|---|---|---|---|---|---|---|---|---|---|
| Clasificación decimal universal | Colección digital | Biblioteca del Ateneo de Madrid | Biblioteca del Ateneo de Madrid | Depósito | 17/01/2008 | R-2263 | 1169055 | 23/02/2023 | 23/02/2023 | Libro impreso antiguo | Encuadernación holandesa. -- Anotaciones manuscritas |
